00374 a2200145 4500003000400000005001700004008004100021040000900062082002000071100002600091245005200117250001200169260003800181300000900219OSt20240208122250.0240208b |||||||| |||| 00| 0 eng d coclc a894.8124bMAT/P aMattapilly,Kaladharan aPlastic oru malinyamo? /cKaladharan Mattapilly a1st ed. aAaluva:bMattapally Books,c2023. a96p.